[Event "Gibraltar Masters"]
[Site "Caleta ENG"]
[Date "2011.02.02"]
[Round "9.70"]
[White "Andreasen, Per"]
[Black "Fomani, Medhi"]
[Result "1-0"]
[WhiteTitle "FM"]
[WhiteElo "2239"]
[BlackElo "2013"]
[WhiteFideId "1400886"]
[BlackFideId "2259435"]
[EventDate "2011.01.25"]
[EventType "swiss"]

1. Nf3 Nf6 2. c4 e6 3. g3 d5 4. d4 c6 5. Qc2 Nbd7 6. Bg2 Bd6 7. O-O O-O 8. Nbd2
Re8 9. b3 Qe7 10. Bb2 Ba3 11. Bxa3 Qxa3 12. e4 dxe4 13. Nxe4 Nxe4 14. Qxe4 Nf6
15. Qe3 a5 16. Ne5 Bd7 17. c5 Qb4 18. a3 Qb5 19. Rfe1 Qa6 20. Rac1 Rad8 21. Qd2
a4 22. b4 Bc8 23. h4 h6 24. Rc3 Nd7 25. Nc4 Nf6 26. Nd6 Rf8 27. Bf1 Qa7 28. Nc4
Qb8 29. Rd3 Nd7 30. Bg2 Qc7 31. Qc2 b5 32. cxb6 Nxb6 33. Nxb6 Qxb6 34. Qxc6 Qa7
35. Red1 Rd7 36. Qc5 Qb8 37. d5 Ba6 38. R3d2 e5 39. d6 f6 40. Bc6 Rdd8 41. d7 f5
42. Rd6 Be2 43. Re1 Bh5 44. Rxe5 1-0

[Event "Gibraltar Masters"]
[Site "Caleta ENG"]
[Date "2011.02.02"]
[Round "9.72"]
[White "Wilson, Alexandra"]
[Black "Lacrosse, Marc"]
[Result "1-0"]
[WhiteTitle "WFM"]
[BlackTitle "FM"]
[WhiteElo "2037"]
[BlackElo "2181"]
[WhiteFideId "411000"]
[BlackFideId "200921"]
[EventDate "2011.01.25"]
[EventType "swiss"]

1. f4 d5 2. Nf3 Nf6 3. g3 c5 4. Bg2 Nc6 5. O-O g6 6. d3 Bg7 7. c3 O-O 8. Nbd2 d4
9. c4 Qc7 10. Ne4 Nxe4 11. dxe4 e5 12. f5 gxf5 13. Nh4 fxe4 14. Bxe4 Ne7 15. Nf5
Nxf5 16. Bxf5 Bxf5 17. Rxf5 Rae8 18. e4 dxe3 19. Bxe3 Re6 20. Qh5 b6 21. Raf1
Qb7 22. Qh4 Qe7 23. Qh3 Qd6 24. Qg4 Qd3 25. Qf3 e4 26. Qf4 Bd4 27. Bxd4 cxd4 28.
Rf6 Rxf6 29. Qxf6 e3 30. Rf5 h6 31. Rf4 Qd1+ 32. Kg2 Qe2+ 33. Kh3 Qh5+ 34. Rh4
Qxh4+ 35. Qxh4 Re8 36. Qg4+ Kf8 37. Qxd4 e2 38. Qh8+ Ke7 39. Qe5+ Kd7 40. Qd5+
Kc8 41. Qa8+ Kd7 42. Qxa7+ Kc8 43. Qa8+ Kd7 44. Qb7+ Kd8 45. Qxb6+ Kd7 46. Qb5+
Kd8 47. Qa5+ 1-0

[Event "Gibraltar Masters"]
[Site "Caleta ENG"]
[Date "2011.02.02"]
[Round "9.73"]
[White "Vaarala, Eric"]
[Black "Sigamoney, Cyril S"]
[Result "1-0"]
[WhiteElo "2152"]
[BlackElo "1978"]
[WhiteFideId "1711962"]
[BlackFideId "2055287"]
[EventDate "2011.01.25"]
[EventType "swiss"]

1. Nf3 d5 2. c4 c6 3. e3 Nf6 4. b3 Bf5 5. Bb2 e6 6. a3 h6 7. d4 Be7 8. Bd3 Bxd3
9. Qxd3 O-O 10. Nbd2 Nbd7 11. O-O a6 12. c5 b5 13. Ne5 Nxe5 14. dxe5 Nd7 15. b4
f5 16. f4 a5 17. Nb3 Nb8 18. Nxa5 Rxa5 19. bxa5 Bxc5 20. Bd4 Be7 21. Bb6 Qc8 22.
Rfc1 Qb7 23. Qc3 Rc8 24. Rab1 Nd7 25. Rxb5 Bxa3 26. Rc2 Bf8 27. Rb1 c5 28. Qb3
c4 29. Qb5 Nxb6 30. Qxb6 Qf7 31. Rb5 Qd7 32. a6 d4 33. exd4 Bc5 34. Rxc5 Qxd4+
35. Rf2 Qd1+ 36. Rf1 Qd4+ 37. Kh1 Qxc5 38. Qxe6+ Kh8 39. Qxf5 c3 40. Qc2 Qa5 41.
h3 Qxa6 42. Re1 Qc4 43. g3 Rd8 44. Re2 Qc6+ 45. Kh2 Qf3 46. e6 Rd3 47. Rg2 Kg8
48. Qb3 Kf8 49. Qb4+ Ke8 50. Qb5+ Ke7 51. Qf5 Rd8 52. Qf7+ Kd6 53. e7 1-0

[Event "Gibraltar Masters"]
[Site "Caleta ENG"]
[Date "2011.02.02"]
[Round "9.74"]
[White "Daumen, Michael"]
[Black "Garcia De Lomas Guerrero, Carlos"]
[Result "1-0"]
[WhiteElo "2130"]
[BlackElo "1940"]
[WhiteFideId "4672283"]
[BlackFideId "2245876"]
[EventDate "2011.01.25"]
[EventType "swiss"]

1. d4 d5 2. c4 e6 3. Nc3 Nf6 4. cxd5 exd5 5. Bg5 Be7 6. e3 O-O 7. Bd3 h6 8. Bh4
Re8 9. Nge2 b6 10. O-O Bb7 11. Qc2 Nbd7 12. f3 c5 13. Bf2 Rc8 14. Rad1 Nf8 15.
Bf5 Ra8 16. Qd2 g6 17. Bc2 Ne6 18. Ba4 Rf8 19. Bb3 c4 20. Bc2 Kh7 21. e4 dxe4
22. fxe4 Ng4 23. Bg3 Qc8 24. h3 Nf6 25. d5 Bc5+ 26. Kh2 Ng4+ 27. hxg4 Ng5 28.
Qf4 1-0

[Event "Gibraltar Masters"]
[Site "Caleta ENG"]
[Date "2011.02.02"]
[Round "9.75"]
[White "Hvenekilde, Jorgen"]
[Black "Brown, David"]
[Result "1/2-1/2"]
[WhiteTitle "FM"]
[WhiteElo "2121"]
[BlackElo "1923"]
[WhiteFideId "1400649"]
[BlackFideId "416150"]
[EventDate "2011.01.25"]
[EventType "swiss"]

1. d4 d5 2. Nf3 Nf6 3. c4 e6 4. g3 Be7 5. Bg2 O-O 6. O-O b6 7. Nc3 Bb7 8. Bf4
dxc4 9. Qa4 Nd5 10. Qxc4 Nxf4 11. gxf4 Nd7 12. Rad1 Nf6 13. Qd3 Bb4 14. Ne5 Bxg2
15. Kxg2 Bxc3 16. Qxc3 Qd5+ 17. f3 Qxa2 18. e4 Qa6 19. Kh1 Qb5 20. Rg1 Rfd8 21.
Rg5 h6 22. Rg2 Ne8 23. Rdg1 Kf8 24. f5 exf5 25. d5 Qc5 26. Nc4 Rd6 27. b4 Qb5
28. Nxd6 cxd6 29. Rxg7 Nxg7 30. Qxg7+ Ke7 31. e5 Qxd5 32. Qf6+ Kd7 33. Qxf5+ Qe6
34. Qe4 1/2-1/2

[Event "Gibraltar Masters"]
[Site "Caleta ENG"]
[Date "2011.02.02"]
[Round "9.76"]
[White "Vinas Guerrero, Carlos A."]
[Black "Jorgensen, Line Jin"]
[Result "1-0"]
[WhiteElo "2121"]
[BlackElo "1892"]
[WhiteFideId "2216868"]
[BlackFideId "1505467"]
[EventDate "2011.01.25"]
[EventType "swiss"]

1. e4 c5 2. Nf3 d6 3. c3 Nf6 4. Be2 g6 5. O-O Bg7 6. Re1 O-O 7. Bf1 e5 8. d4
cxd4 9. cxd4 Nc6 10. d5 Ne7 11. Nc3 Bg4 12. h3 Bd7 13. Nh2 Nh5 14. Rb1 f5 15.
exf5 Bxf5 16. Bd3 Bxd3 17. Qxd3 Nf4 18. Bxf4 Rxf4 19. Re4 Rf8 20. Rb4 Rb8 21.
Nf3 Nf5 22. Ne4 Bh6 23. Qb3 Qd7 24. Rd1 Kh8 25. Rd3 b5 26. a4 bxa4 27. Qxa4 Qxa4
28. Rxa4 Rxb2 29. Rxa7 Rb1+ 30. Kh2 Bf4+ 31. g3 Nxg3 32. fxg3 Rb2+ 33. Kh1 Rb1+
34. Kg2 Rb2+ 35. Nfd2 Bh6 36. h4 Rc8 37. Nxd6 Rcc2 38. Nf7+ Kg7 39. Nxe5+ Kg8
40. Ra8+ Kg7 41. Kf3 Rxd2 42. d6 Rf2+ 43. Ke4 Rb4+ 44. Kd5 Rb5+ 45. Kc4 Rxe5 46.
d7 Rc2+ 47. Kb3 Ree2 48. d8=Q Rb2+ 49. Kc4 1-0

[Event "Gibraltar Masters"]
[Site "Caleta ENG"]
[Date "2011.02.02"]
[Round "9.77"]
[White "Scholzen, Wolfgang"]
[Black "Carlsten, Peter"]
[Result "1-0"]
[WhiteElo "2057"]
[BlackElo "2110"]
[WhiteFideId "24637629"]
[BlackFideId "1705067"]
[EventDate "2011.01.25"]
[EventType "swiss"]

1. e4 c5 2. Nf3 Nc6 3. d4 cxd4 4. Nxd4 g6 5. Nc3 Bg7 6. Be3 Nf6 7. Bc4 O-O 8.
O-O Nxe4 9. Bxf7+ Rxf7 10. Nxe4 Qa5 11. c3 Qd5 12. Ng5 Rf8 13. Nxc6 Qxc6 14.
Qb3+ e6 15. Qb4 b6 16. Qh4 h6 17. Nh3 g5 18. Qg3 Bb7 19. f4 gxf4 20. Nxf4 Rf5
21. Ng6 Re8 22. Nh4 Rxf1+ 23. Rxf1 Qe4 24. Bxh6 Qh7 25. Bf4 e5 26. Be3 Be4 27.
Nf3 Qh5 28. Ng5 Bd5 29. a3 Qe2 30. Qf2 Qd3 31. Qd2 Qc4 32. Rd1 Bc6 33. Qc2 Qh4
34. Qf2 Qh5 35. Re1 Rf8 36. Qe2 Qg6 37. h4 Bh6 38. Kh2 Kg7 39. Bc1 Bxg5 40. Bxg5
d6 41. Rd1 Rf7 42. Qe3 Rf4 43. Qg3 Rf7 44. Rd2 Kh7 45. Rf2 Rxf2 46. Qxf2 Kg8 47.
Be7 Kh7 48. Qg3 Qxg3+ 49. Kxg3 d5 50. Bd6 e4 51. Kf4 Kg6 52. g4 Kf6 53. Be5+ Ke6
54. Bd4 Be8 55. h5 Bf7 56. Kg5 Be8 57. Kh6 Kf7 58. g5 Kg8 59. g6 1-0

[Event "Gibraltar Masters"]
[Site "Caleta ENG"]
[Date "2011.02.02"]
[Round "9.78"]
[White "Obiamiwe, Paul"]
[Black "Tari, Aryan"]
[Result "0-1"]
[WhiteElo "2015"]
[BlackElo "2097"]
[WhiteFideId "8500215"]
[BlackFideId "1510045"]
[EventDate "2011.01.25"]
[EventType "swiss"]

1. Nf3 Nf6 2. c4 c5 3. Nc3 g6 4. d4 cxd4 5. Nxd4 Bg7 6. e4 d6 7. Be2 Nc6 8. Be3
Nxd4 9. Bxd4 O-O 10. O-O Bd7 11. Qd2 Bc6 12. f3 a6 13. Rac1 Qa5 14. a3 Rfc8 15.
b4 Qd8 16. Rfd1 Rab8 17. Ba7 Ra8 18. Qe3 Qf8 19. Qf2 Bh6 20. Be3 Bxe3 21. Qxe3
Qe8 22. Bf1 Bd7 23. g4 Be6 24. g5 Nd7 25. Nd5 Bxd5 26. exd5 Rc7 27. Re1 Kf8 28.
f4 Rac8 29. h4 a5 30. h5 axb4 31. axb4 b5 32. Qd4 Kg8 33. c5 dxc5 34. bxc5 Nxc5
35. Rxc5 Rxc5 36. d6 Qd7 37. h6 f6 38. gxf6 Qg4+ 39. Bg2 e5 40. Qe4 Rc1 41. f7+
Kxf7 42. Qb7+ R8c7 43. Qxc7+ Rxc7 44. dxc7 exf4 45. Rc1 f3 46. Rc2 Qd4+ 47. Kh2
fxg2 0-1

[Event "Gibraltar Masters"]
[Site "Caleta ENG"]
[Date "2011.02.02"]
[Round "9.79"]
[White "Hauge, Lars Oskar"]
[Black "Suez-Panama, Gilles"]
[Result "1/2-1/2"]
[WhiteElo "1942"]
[BlackElo "2096"]
[WhiteFideId "1509276"]
[BlackFideId "620165"]
[EventDate "2011.01.25"]
[EventType "swiss"]

1. e4 e6 2. d4 d5 3. Nd2 Nf6 4. e5 Nfd7 5. Bd3 c5 6. c3 Nc6 7. Ne2 b6 8. O-O
cxd4 9. cxd4 Nb4 10. Bb1 Ba6 11. Nf3 Rc8 12. a3 Nc6 13. Bf4 Be7 14. Qd2 Na5 15.
Qe3 Nc4 16. Qd3 Nb8 17. Qb3 g5 18. Be3 g4 19. Ne1 Nxe5 20. Nd3 Bc4 21. Qd1 Nxd3
22. Bxd3 Bxd3 23. Qxd3 Bd6 24. f3 h5 25. f4 f5 26. Nc3 Nd7 27. Rac1 Nf6 28. Qa6
O-O 29. Qxa7 Ra8 30. Qb7 Rf7 1/2-1/2

[Event "Gibraltar Masters"]
[Site "Caleta ENG"]
[Date "2011.02.02"]
[Round "9.80"]
[White "Freuler, Roman"]
[Black "Lee, Kai Jie Edward"]
[Result "0-1"]
[WhiteElo "2092"]
[BlackElo "1833"]
[WhiteFideId "1304283"]
[BlackFideId "5802920"]
[EventDate "2011.01.25"]
[EventType "swiss"]

1. e4 e5 2. Nf3 Nf6 3. d4 Nxe4 4. Bd3 d5 5. Nxe5 Nd7 6. Nxd7 Bxd7 7. O-O Bd6 8.
c4 c6 9. Nc3 Nxc3 10. bxc3 O-O 11. Qh5 g6 12. Qh6 Re8 13. Bg5 Be7 14. Bxe7 Qxe7
15. h4 Bg4 16. Qf4 h5 17. Rae1 Qxh4 18. Qc7 Qg5 19. f4 Qh4 20. Re5 Qg3 21. Bxg6
fxg6 22. f5 Rxe5 23. f6 Qe3+ 24. Kh1 Re7 25. fxe7 Re8 26. Qxb7 Qxe7 27. Qxc6 Qe6
28. cxd5 Qxc6 29. dxc6 Be6 30. Rf6 Kg7 31. Rxe6 Rxe6 32. d5 Re1+ 33. Kh2 Kf7 34.
c7 Re8 35. d6 Ke6 0-1

[Event "Gibraltar Masters"]
[Site "Caleta ENG"]
[Date "2011.02.02"]
[Round "9.81"]
[White "Bous, Florian"]
[Black "Salomon, Johan"]
[Result "1-0"]
[WhiteElo "2088"]
[BlackElo "1836"]
[WhiteFideId "4660412"]
[BlackFideId "1509500"]
[EventDate "2011.01.25"]
[EventType "swiss"]

1. d4 Nf6 2. c4 g6 3. f3 c5 4. d5 d6 5. e4 Bg7 6. Nc3 O-O 7. Bg5 h6 8. Bf4 Nbd7
9. Qd2 h5 10. Nh3 a6 11. Be2 Rb8 12. a4 Qa5 13. Ra3 Ne5 14. Nf2 Nfd7 15. Nfd1 f6
16. h4 Nf7 17. g4 hxg4 18. fxg4 Nde5 19. Ne3 g5 20. Bxe5 Nxe5 21. Nf5 Bxf5 22.
gxf5 Bh6 23. Kf1 Kg7 24. hxg5 Bxg5 25. Rg1 Rh8 26. Rxg5+ fxg5 27. Qxg5+ Kf8 28.
Bh5 Qd8 29. Ne2 e6 30. f6 Rxh5 31. Qg7+ Ke8 32. dxe6 1-0

[Event "Gibraltar Masters"]
[Site "Caleta ENG"]
[Date "2011.02.02"]
[Round "9.82"]
[White "Valhondo Morales, Ruben"]
[Black "Schweizer, Manfred"]
[Result "1-0"]
[WhiteElo "1948"]
[BlackElo "2075"]
[WhiteFideId "22202692"]
[BlackFideId "4613317"]
[EventDate "2011.01.25"]
[EventType "swiss"]

1. e4 d6 2. d4 Nf6 3. Nc3 g6 4. f4 Bg7 5. Nf3 O-O 6. e5 Nfd7 7. h4 c5 8. h5 cxd4
9. Qxd4 dxe5 10. Qf2 e4 11. Nxe4 Nf6 12. Nxf6+ exf6 13. Bd3 Re8+ 14. Kf1 Qd5 15.
hxg6 hxg6 16. b3 Bf5 17. Bc4 Qd1+ 18. Ne1 Nc6 19. Bb2 Qd6 20. a4 Bg4 21. Nd3 f5
22. Qh4 Bh5 23. Bxg7 Kxg7 24. Re1 Rxe1+ 25. Qxe1 Nd4 26. c3 Nxb3 27. Qg3 Nd2+
28. Kg1 Ne4 29. Qe3 Qb6 30. Qd4+ f6 31. Kh2 Qxd4 32. cxd4 Rd8 33. Rb1 b6 34. d5
Be2 35. Rb3 Nc5 36. Nxc5 Bxc4 37. Ne6+ Kg8 38. Rb4 Rc8 39. Rxc4 Rxc4 40. d6 Rc6
41. d7 Rd6 42. d8=Q+ Rxd8 43. Nxd8 Kf8 44. Nc6 a5 45. Na7 Ke8 46. Nc8 Kd7 47.
Nxb6+ Kc6 48. Nc4 Kc5 49. Nxa5 Kb4 50. Nc6+ Kxa4 51. Ne7 1-0

[Event "Gibraltar Masters"]
[Site "Caleta ENG"]
[Date "2011.02.02"]
[Round "9.83"]
[White "Montabord, Manuel"]
[Black "Kuenitz, Klaus"]
[Result "1-0"]
[WhiteElo "2063"]
[BlackElo "1695"]
[WhiteFideId "614386"]
[BlackFideId "4640713"]
[EventDate "2011.01.25"]
[EventType "swiss"]

1. e4 e6 2. d3 d5 3. Qe2 Nf6 4. Nf3 Be7 5. g3 b6 6. e5 Nfd7 7. Bg2 c5 8. c4 Bb7
9. Nc3 Qc7 10. Bf4 a6 11. cxd5 exd5 12. e6 1-0

[Event "Gibraltar Masters"]
[Site "Caleta ENG"]
[Date "2011.02.02"]
[Round "9.86"]
[White "Fairbairn, Stephen"]
[Black "Costello, Colin A"]
[Result "1-0"]
[WhiteElo "2058"]
[BlackElo "1975"]
[WhiteFideId "2603985"]
[BlackFideId "403580"]
[EventDate "2011.01.25"]
[EventType "swiss"]

1. c4 e5 2. g3 Nc6 3. Bg2 Nf6 4. Nc3 Bc5 5. a3 a5 6. e3 d6 7. Nge2 Bg4 8. h3 Bh5
9. g4 Bg6 10. d4 Ba7 11. b4 exd4 12. exd4 Qe7 13. O-O axb4 14. axb4 O-O 15. b5
Nd8 16. Bg5 Ne6 17. Nd5 Qd8 18. Nxf6+ gxf6 19. Bh6 Bb6 20. Rxa8 Qxa8 21. Bxf8
Kxf8 22. d5 Nc5 23. Nf4 Be4 24. Qa1 Qd8 25. Nh5 Bxg2 26. Kxg2 Ne4 27. Re1 Nxf2
28. Nxf6 Nd3 29. Re8+ Qxe8 30. Nxe8 Kxe8 31. Qh8+ 1-0

[Event "Gibraltar Masters"]
[Site "Caleta ENG"]
[Date "2011.02.02"]
[Round "9.87"]
[White "Henderikse, Bert"]
[Black "Helin, Mikael"]
[Result "1-0"]
[WhiteElo "2058"]
[BlackElo "1914"]
[WhiteFideId "1012266"]
[BlackFideId "1703838"]
[EventDate "2011.01.25"]
[EventType "swiss"]

1. d4 d5 2. Nf3 Nc6 3. c4 Bg4 4. cxd5 Bxf3 5. gxf3 Qxd5 6. e3 e5 7. Nc3 Bb4 8.
Bd2 Bxc3 9. bxc3 Qd6 10. Bg2 f5 11. Qb3 Nf6 12. Rb1 f4 13. O-O b6 14. Bh3 g5 15.
Bc1 g4 16. Ba3 Qd7 17. fxg4 f3 18. dxe5 Nxe5 19. Rbd1 Qf7 20. Qb5+ Ned7 21. Qc6
Rd8 22. Qxf3 Rg8 23. Kh1 Rg5 24. Qf4 Qg7 25. Qxc7 Nxg4 26. Bxg4 Rxg4 27. Qd6 Rg6
28. Qd4 Qf7 29. Qd5 Qf6 30. Rg1 Rxg1+ 31. Kxg1 Qf7 32. Qe4+ 1-0

[Event "Gibraltar Masters"]
[Site "Caleta ENG"]
[Date "2011.02.02"]
[Round "9.88"]
[White "Jameson, David"]
[Black "Henrichsen, Jens"]
[Result "0-1"]
[WhiteElo "2054"]
[BlackElo "1925"]
[WhiteFideId "1801538"]
[BlackFideId "1401858"]
[EventDate "2011.01.25"]
[EventType "swiss"]

1. e4 c5 2. Nf3 d6 3. Nc3 a6 4. d4 cxd4 5. Nxd4 Nf6 6. Bc4 e6 7. Bb3 Nbd7 8. O-O
Nc5 9. Qe2 Be7 10. f4 O-O 11. Qf3 Qc7 12. Be3 b5 13. e5 dxe5 14. fxe5 Nfd7 15.
Ncxb5 axb5 16. Qxa8 Bb7 17. Qa3 Nxe5 18. Qb4 Ng4 19. Bf4 e5 20. Bg3 Nxb3 21.
Qxb3 Qc5 22. h3 Qxd4+ 23. Kh1 Bxg2+ 24. Kxg2 Ne3+ 25. Kh2 Nxf1+ 26. Rxf1 Bc5 27.
Rf2 e4 28. Qxb5 Bd6 29. Re2 Bxg3+ 30. Kxg3 Qg1+ 31. Rg2 Qe3+ 32. Kh2 Qf4+ 33.
Kh1 Rd8 34. Qe2 e3 35. Rg4 Qe5 36. Rg2 Rd2 37. Qf3 h6 38. Re2 Rd1+ 39. Kg2 Qg5+
40. Qg4 Qd5+ 41. Kh2 Rh1+ 42. Kg3 Rg1+ 43. Rg2 Rxg2+ 0-1

[Event "Gibraltar Masters"]
[Site "Caleta ENG"]
[Date "2011.02.02"]
[Round "9.89"]
[White "Compton, Alistair"]
[Black "Georgieva, Emilia"]
[Result "1/2-1/2"]
[WhiteElo "2046"]
[BlackElo "1907"]
[WhiteFideId "4300645"]
[BlackFideId "2902451"]
[EventDate "2011.01.25"]
[EventType "swiss"]

1. e4 c6 2. d4 d5 3. exd5 cxd5 4. c4 e6 5. Nc3 Nf6 6. a3 Be7 7. Nf3 Nc6 8. Bd3
dxc4 9. Bxc4 Nd5 10. Ne4 O-O 11. O-O a6 12. Bd3 h6 13. Ng3 Bf6 14. Bc2 Nce7 15.
Nh5 Ng6 16. Qd3 Bd7 17. Re1 Rc8 18. Bd2 Bb5 19. Qe4 Bc6 20. Qg4 Nde7 21. Nxf6+
gxf6 22. Bxg6 Nxg6 23. Bxh6 Re8 24. Rad1 Bd5 25. Nh4 f5 26. Qg5 Qxg5 27. Bxg5
Nxh4 28. Bxh4 Rc2 29. b4 Rec8 30. Bg5 R8c3 31. Rc1 Rxc1 32. Rxc1 Rxa3 33. h4 Bc6
34. Be7 Rd3 35. Bc5 Kh7 36. Re1 1/2-1/2

[Event "Gibraltar Masters"]
[Site "Caleta ENG"]
[Date "2011.02.02"]
[Round "9.90"]
[White "Messam-Sparks, Lateefah"]
[Black "Becking, Franz Josef"]
[Result "0-1"]
[WhiteElo "1904"]
[BlackElo "2029"]
[WhiteFideId "470813"]
[BlackFideId "4632540"]
[EventDate "2011.01.25"]
[EventType "swiss"]

1. d4 d5 2. c4 e6 3. Nc3 c6 4. e3 f5 5. Nf3 Nf6 6. Ne5 Bd6 7. Bd3 Nbd7 8. Nxd7
Bxd7 9. c5 Bc7 10. Qe2 Qe7 11. f4 O-O 12. O-O Be8 13. b4 Bh5 14. Qe1 Kh8 15. Be2
Bxe2 16. Qxe2 Rg8 17. a4 g5 18. fxg5 Rxg5 19. e4 Rg6 20. e5 Ne4 21. Nxe4 dxe4
22. Bf4 Qd7 23. Rad1 Rag8 24. Rf2 Bd8 25. Qe3 Qd5 26. g3 Rg4 27. Qa3 h5 28. Qa2
Qxa2 29. Rxa2 Rxf4 0-1

[Event "Gibraltar Masters"]
[Site "Caleta ENG"]
[Date "2011.02.02"]
[Round "9.91"]
[White "Knudsen, Jes West"]
[Black "Leimeister, Winfried"]
[Result "1-0"]
[WhiteElo "2000"]
[BlackElo "1906"]
[WhiteFideId "1405985"]
[BlackFideId "24653721"]
[EventDate "2011.01.25"]
[EventType "swiss"]

1. e4 c5 2. Nf3 g6 3. c3 Bg7 4. d4 cxd4 5. cxd4 Nc6 6. d5 Ne5 7. Nc3 Nxf3+ 8.
Qxf3 d6 9. Bd2 Nf6 10. Bd3 Bg4 11. Qe3 a6 12. h3 Bd7 13. g4 b5 14. a3 h6 15. f4
Qc7 16. Rc1 Qa7 17. e5 Qxe3+ 18. Bxe3 dxe5 19. fxe5 Nh7 20. e6 fxe6 21. Bxg6+
Kd8 22. Bb6+ Kc8 23. dxe6 Bc6 24. Ne4 Kb7 25. Bf2 Rac8 26. O-O Ng5 27. Nxg5 hxg5
28. Rxc6 Kxc6 29. Rd1 Be5 30. Rd7 1-0

[Event "Gibraltar Masters"]
[Site "Caleta ENG"]
[Date "2011.02.02"]
[Round "9.92"]
[White "Shepherd, Michael"]
[Black "Moreno Cervera, Jose Luis"]
[Result "1/2-1/2"]
[WhiteElo "1999"]
[BlackElo "1903"]
[WhiteFideId "2401444"]
[BlackFideId "2274213"]
[EventDate "2011.01.25"]
[EventType "swiss"]

1. Nf3 d5 2. b3 Bf5 3. Bb2 e6 4. e3 Nf6 5. c4 Be7 6. Be2 h6 7. O-O O-O 8. d4 c6
9. Nbd2 Ne4 10. Nxe4 Bxe4 11. Nd2 Bg6 12. Bf3 Bd3 13. Re1 Bb4 14. a3 Bxd2 15.
Qxd2 dxc4 16. bxc4 Bxc4 17. Qc3 Ba6 18. d5 Qf6 19. Qxf6 gxf6 20. dxc6 Nxc6 21.
Bxf6 Rfe8 22. Red1 Ne7 23. Rd4 Rac8 24. Rg4+ Ng6 25. h4 Rc5 26. Bd4 Rh5 27. Bxa7
Rxh4 28. Rxh4 Nxh4 29. Be4 f5 30. Bc2 Kf7 31. Rd1 Rg8 32. g3 Be2 33. Rd7+ Kf6
34. Bd3 Bf3 35. Bd4+ e5 36. Bb6 Ke6 37. Rh7 Rg6 38. Bc4+ Bd5 39. Bxd5+ Kxd5 40.
Kf1 Rxb6 41. gxh4 Ke4 42. Kg2 Rg6+ 43. Kf1 Kf3 44. Rxb7 Rc6 45. Ke1 Rc1+ 46. Kd2
Ra1 47. Rb5 Ra2+ 48. Ke1 Ra1+ 49. Kd2 Ra2+ 50. Ke1 Ra1+ 1/2-1/2

[Event "Gibraltar Masters"]
[Site "Caleta ENG"]
[Date "2011.02.02"]
[Round "9.93"]
[White "Perez Reisler, Jose"]
[Black "Cebada Benitez, Fernando"]
[Result "0-1"]
[WhiteElo "1893"]
[BlackElo "1997"]
[WhiteFideId "3100820"]
[BlackFideId "2224674"]
[EventDate "2011.01.25"]
[EventType "swiss"]

1. e4 e5 2. Nf3 Nc6 3. Bc4 Nf6 4. Ng5 d5 5. exd5 Na5 6. Bb5+ c6 7. dxc6 bxc6 8.
Be2 h6 9. Nh3 Bc5 10. d3 O-O 11. Nc3 Rb8 12. a3 Be6 13. b4 Bd4 14. Bd2 Nb7 15.
Rb1 Nd6 16. Bf3 Qd7 17. Ng1 Nd5 18. Nge2 Bb6 19. Na4 Nf5 20. c4 Nf6 21. Nxb6
axb6 22. Bc3 Qc7 23. O-O Rfd8 24. Qc2 Nh4 25. Be4 Nxe4 26. dxe4 f6 27. Be1 Qf7
28. Rc1 Qg6 29. Ng3 Qg5 30. Rd1 Bg4 31. Rxd8+ 0-1

[Event "Gibraltar Masters"]
[Site "Caleta ENG"]
[Date "2011.02.02"]
[Round "9.94"]
[White "Phillips, Owen S"]
[Black "Forsa, Elise"]
[Result "1-0"]
[WhiteElo "1992"]
[BlackElo "1726"]
[WhiteFideId "417882"]
[BlackFideId "1500163"]
[EventDate "2011.01.25"]
[EventType "swiss"]

1. e3 Nf6 2. d4 d5 3. Bd3 e6 4. f4 a6 5. Nf3 c5 6. c3 Bd7 7. Ne5 Bd6 8. Nd2 O-O
9. O-O Bb5 10. Bxb5 axb5 11. g4 c4 12. g5 Ne8 13. Qg4 Qe7 14. Qh4 f6 15. g6 h6
16. Nf7 Bc7 17. e4 Nd6 18. exd5 exd5 19. Re1 Qd7 20. Nxd6 Bxd6 21. Qh5 Bxf4 22.
Nf3 Bxc1 23. Raxc1 Rxa2 24. Rc2 Nc6 25. Rce2 Rfa8 26. Qxd5+ 1-0

[Event "Gibraltar Masters"]
[Site "Caleta ENG"]
[Date "2011.02.02"]
[Round "9.97"]
[White "Wright, Jonathan ENG"]
[Black "Haga, Halvor"]
[Result "0-1"]
[WhiteElo "1895"]
[BlackElo "2024"]
[WhiteFideId "418331"]
[BlackFideId "1507532"]
[EventDate "2011.01.25"]
[EventType "swiss"]

1. e4 Nf6 2. e5 Nd5 3. d4 d6 4. c4 Nb6 5. exd6 exd6 6. Be3 Bf5 7. Nf3 Nc6 8. a3
Be7 9. b4 Bf6 10. Nbd2 O-O 11. Be2 d5 12. c5 Nc8 13. Nb3 Re8 14. Rc1 N6e7 15.
O-O c6 16. Bf4 Ng6 17. Bg3 Be4 18. Na5 Qd7 19. Rc3 Nce7 20. a4 Nf5 21. Nb3 h5
22. Ne5 Nxe5 23. Bxe5 Rxe5 24. dxe5 Bxe5 25. Rh3 g6 26. Nd2 Nd4 27. Nxe4 dxe4
28. Bc4 Rd8 29. Kh1 Qf5 30. f3 Ne6 31. fxe4 Qxe4 32. Qe2 Qxe2 33. Bxe2 Rd4 34.
Rb3 Rh4 35. g3 Re4 36. Bf3 Rc4 37. Be2 Re4 38. Bf3 Rc4 39. Be2 Re4 40. Bd1 h4
41. Bf3 Rc4 42. Kg2 hxg3 43. hxg3 Nd4 44. Rbb1 Nf5 45. Rfc1 Rd4 46. b5 Bxg3 47.
bxc6 Rd2+ 48. Kg1 Bh2+ 49. Kf1 Ne3+ 50. Ke1 Ra2 0-1

[Event "Gibraltar Masters"]
[Site "Caleta ENG"]
[Date "2011.02.02"]
[Round "9.100"]
[White "Lundback, Karl"]
[Black "Gillespie, Gary"]
[Result "0-1"]
[WhiteElo "1969"]
[BlackElo "1848"]
[WhiteFideId "1716026"]
[BlackFideId "2402777"]
[EventDate "2011.01.25"]
[EventType "swiss"]

1. e4 d5 2. exd5 Qxd5 3. Nc3 Qa5 4. d4 c6 5. Nf3 Nf6 6. Bd2 Bf5 7. Ne4 Qc7 8.
Nxf6+ gxf6 9. g3 Nd7 10. Bg2 e6 11. Nh4 Bg6 12. Nxg6 hxg6 13. Qe2 O-O-O 14.
O-O-O Bh6 15. Bxh6 Rxh6 16. Qe3 Rh5 17. h4 Nb6 18. Bf3 Ra5 19. Kb1 Nd5 20. Bxd5
Raxd5 21. c4 R5d6 22. h5 gxh5 23. Rxh5 e5 24. Rh4 Qd7 25. d5 Kb8 26. Rh6 cxd5
27. c5 Ra6 28. Qf3 Qa4 29. a3 d4 30. Rdh1 Qc6 31. Qxc6 Rxc6 32. b4 b6 33. Rh8
Kc7 34. R8h7 Rd7 35. cxb6+ axb6 36. Rc1 Rxc1+ 37. Kxc1 Kc6 38. Rh6 Rd6 39. Rh7
Kd5 40. Rxf7 d3 41. f3 d2+ 42. Kd1 Kc4 43. Rc7+ Kd3 44. Rc8 Ke3 45. Rc3+ Rd3 46.
Rxd3+ Kxd3 47. g4 b5 0-1